| 000 | 01417cam a2200313M 4500 | ||
|---|---|---|---|
| 001 | opatijaa00anti | ||
| 003 | CaSfIA | ||
| 005 | 20210118194907.0 | ||
| 007 | cr|||| | ||
| 008 | 880825s1964 yu a 000 0 eng d | ||
| 040 |
_aORZ _cORZ _dOCL _dCaSfIA |
||
| 035 | _a(OCoLC)18401270 | ||
| 041 | 1 |
_aeng _hhrv |
|
| 043 | _ae-yu--- | ||
| 100 | 1 | _aAntic, Vinko. | |
| 245 | 1 | 0 |
_aOpatija. _h[electronic resource] _c[Editor: Ivo Frol. Text: Vinko Antic and Ivan Ivanji. Translated from the Serbo-Croat by Kordija Kveder. Photos.: T. Dabac, et al.] |
| 260 |
_aBeograd, _bJugoslavija _c[1964] |
||
| 300 |
_a13, 6 p., _b[64] p. of illus. _c18 cm. |
||
| 490 | 0 | _aPhotoguides "Jugoslavija" | |
| 500 | _aColored maps on lining papers. | ||
| 651 | 0 |
_aOpatija (Rijeka, Croatia) _vPictorial works. |
|
| 700 | 1 |
_aIvanji, Ivan, _d1929- |
|
| 700 | 1 |
_aDabac, Toso, _eillus. |
|
| 856 | 4 | 1 |
_uhttp://www.archive.org/details/opatijaa00anti _zFree eBook from the Internet Archive |
| 856 | 4 | 2 |
_uhttp://www.openlibrary.org/books/OL24215924M _zAdditional information and access via Open Library |
| 942 | _cEB | ||
| 506 | _fНеобхідна авторизація на https://archive.org/ (створення облікового запису безкоштовно) | ||
| 506 | _fНеобхідна авторизація на https://openlibrary.org/ (створення облікового запису безкоштовно) | ||
| 999 |
_c533316 _d533316 |
||